MARC

LEADER 00000nam2a2200000 4500
001 677220
005 20241228125009.0
035 |a (RuTPU)RU\TPU\book\136476 
090 |a 677220 
100 |a 20241206d1959 k y0rusy50 ca 
101 0 |a rus 
102 |a RU 
105 |a a z 001zy 
181 0 |a i   |b  e  
182 0 |a n 
183 0 |a nc  |2 RDAcarrier 
200 0 |a Вып. 3  |e [сборник статей]  |f отв. ред. Л. И. Барон 
203 |a Текст  |b визуальный  |c непосредственный 
210 |d 1959 
215 |a 120 с.  |c ил. 
283 |a volume  |2 RDAcarrier 
320 |a Библиогр. в конце ст. 
461 1 |0 677189  |9 677189  |t Научные сообщения  |o [сборник статей]  |f Академия наук СССР (АН СССР), Институт горного дела им. А. А. Скочинского (ИГД)  |g отв. ред. Л. И. Барон  |c Москва  |n Недра  |n Госгортехиздат  |d 1959-1988  |v Вып. 3 
606 1 |a Горное дело  |9 35173 
610 1 |a разработка 
610 1 |a крутые пласты 
610 1 |a транспорт 
610 1 |a газоносные пласты 
610 1 |a камерная разработка 
610 1 |a проветривание 
610 1 |a горное давление 
610 1 |a уголь 
610 1 |a плотность 
610 1 |a болтовая крепь 
610 1 |a жильные месторождения 
610 1 |a разубоживание 
610 1 |a разрушение 
610 1 |a сопротивляемость 
610 1 |a пневматический транспорт 
610 1 |a горные машины 
610 1 |a технический контроль 
675 |a 622  |v 3 
702 1 |a Барон  |b Л. И.  |g Лазарь Израилевич  |4 340 
712 0 2 |a Академия наук СССР (АН СССР)  |b Институт горного дела им. А. А. Скочинского (ИГД)  |c (Люберцы)  |3 (RuTPU)RU\TPU\col\11351 
801 1 |a RU  |b 63413507  |c 20241206  |g PSBO 
801 2 |a RU  |b 63413507  |c 20241206  |g PSBO 
942 |c CR